Statistics for US States with the Most Patents per Capita

Click here to take the quiz!

General Stats

  • This quiz has been taken 122 times
    (83 since last reset)
  • The average score is 9 of 13

Answer Stats

Patents per 100,000State% Correct
80.74California
97%
80.35Massachusetts
88%
61.08Oregon
79%
86.40Washington
78%
49.42New Jersey
76%
59.06Connecticut
73%
43.54Delaware
69%
48.44Colorado
63%
106.75Vermont
63%
60.92New Hampshire
61%
43.27Michigan
52%
75.51Minnesota
51%
74.13Idaho
43%

Score Distribution

Percentile by Number Answered

Percent of People with Each Score

Your Score History

You have not taken this quiz since the last reset